[Event "SVK-ch U14"]
[Site "Lubovnianske Kupele"]
[Date "2012.03.19"]
[Round "3"]
[White "Klimek, Matej"]
[Black "Repka, Michal"]
[Result "0-1"]
[WhiteElo "1169"]
[BlackElo "1000"]
[PlyCount "44"]
[EventDate "2012.03.17"]
[EventType "swiss"]
[EventRounds "9"]
[EventCountry "SVK"]
[SourceTitle "CBM 147 Extra"]
[Source "ChessBase"]
[SourceDate "2012.04.24"]
[SourceVersion "1"]
[SourceVersionDate "2012.04.24"]
[SourceQuality "1"]

1. e4 Nc6 2. Nf3 d6 3. h3 f5 4. Bc4 fxe4 5. Ng5 d5 6. Bb3 e5 7. d3 Be7 8. h4 h6 9. c4 hxg5 10. cxd5 Nd4 11. Ba4+ Bd7 12. Bxd7+ Qxd7 13. Be3 Qxd5 14. Nc3 Bb4 15. 0-0 Bxc3 16. bxc3 Nf5 17. c4 Qxd3 18. Qa4+ c6 19. Bxg5 Nxh4 20. Rfd1 Nf3+ 21. gxf3 Qxf3 22. Kf1 Rh1# 0-1